000 00303nam a2200133 i 4500
001 bg
100 1 _aŚWINIARSKI, R.
245 0 _aSystem operacyjny CP/M /
_cR. Świniarski.
260 _aWarszawa,
_c1988.
040 _cBPK
041 _apol
942 _cKS
008 s pl f |000 0 pol
999 _c3839
_d3839
856 _uhttp://koha.tu.koszalin.pl/cgi-bin/koha/opac-detail.pl?biblionumber=3839
_yKatalog online BPK